NOAA's education program (Record no. 185103)
[ view plain ]
| 000 -LEADER | |
|---|---|
| fixed length control field | 01991nam a2200409Ia 4500 |
| 245 00 - TITLE STATEMENT | |
| Title | NOAA's education program |
| 260 ## - PUBLICATION, DISTRIBUTION, ETC. (IMPRINT) | |
| Place of publication | Washington, D.C. : |
| Name of publisher | National Academies Press, |
| Year of publication | c2010. |
| 300 ## - PHYSICAL DESCRIPTION | |
| Number of Pages | xiv, 184 p. : |
| Other physical details | ill., map. |
| 650 #0 - SUBJECT ADDED ENTRY--TOPICAL TERM | |
| Topical Term | Environmental sciences |
| Topical Term | Meteorology |
| Topical Term | Oceanography |
| Topical Term | Marine resources |
| Topical Term | Coastal zone management |
| Topical Term | Earth sciences |
| Topical Term | Government aid to education |
| 700 1# - ADDED ENTRY--PERSONAL NAME | |
| Personal name | Farrington, John W. |
| Personal name | Feder, Michael A., |
| 856 40 - ELECTRONIC LOCATION AND ACCESS | |
| Uniform Resource Identifier | http://site.ebrary.com/lib/rucke/Doc?id=10405117 |
No items available.
